Т. 317, № 6 : Экономика. Философия, социология и культурология; Известия Томского политехнического университета [Известия ТПУ]

Bibliografiske detaljer
Parent link:Известия Томского политехнического университета [Известия ТПУ]/ Томский политехнический университет (ТПУ). Т. 317, № 6 : Экономика. Философия, социология и культурология.— , 2000-
Sprog:russisk
Udgivet: 2010
Fag:
Format: MixedMaterials Bog
KOHA link:https://koha.lib.tpu.ru/cgi-bin/koha/opac-detail.pl?biblionumber=193951

MARC

LEADER 00000nam2a2200000 4500
001 193951
005 20231208103553.0
035 |a (RuTPU)RU\TPU\book\211506 
035 |a RU\TPU\book\209597 
035 |a RU\TPU\book\203561 
090 |a 193951 
100 |a 20110331d2010 km y0rusy50 ca 
101 0 |a rus 
102 |a RU 
105 |a a z 001zb 
200 0 |a Т. 317, № 6 : Экономика. Философия, социология и культурология 
210 |d 2010 
215 |a 248 с.  |c ил. 
320 |a Библиография в конце статей 
461 1 |0 (RuTPU)RU\TPU\book\176237  |t Известия Томского политехнического университета [Известия ТПУ]  |f Томский политехнический университет (ТПУ)  |v Т. 317, № 6 : Экономика. Философия, социология и культурология  |d 2000-  
600 1 |a Рубанов  |b В. Г.  |c философ  |c профессор Томского политехнического университета, доктор философских наук  |f 1940-  |g Виталий Георгиевич  |x Томск  |2 stltpush  |3 (RuTPU)RU\TPU\pers\18253 
601 0 2 |a Национальный исследовательский Томский политехнический университет (ТПУ)  |c (2009- )  |2 stltpush  |3 (RuTPU)RU\TPU\col\15902 
606 1 |a Научно-технический потенциал  |2 stltpush  |3 (RuTPU)RU\TPU\subj\45166  |9 64427 
606 1 |a Экономика  |2 stltpush  |3 (RuTPU)RU\TPU\subj\26549  |9 50450 
606 1 |a Гуманитарные науки  |2 stltpush  |3 (RuTPU)RU\TPU\subj\67345  |9 83188 
610 1 |a научно-исследовательские работы 
610 1 |a культурология 
610 1 |a философия 
610 1 |a социология 
610 1 |a русская культура 
610 1 |a научная преемственность 
610 1 |a наука 
610 1 |a саморегуляция 
610 1 |a научное познание 
610 1 |a теневая экономика 
610 1 |a туристские регионы 
610 1 |a управление 
610 1 |a реклама 
610 1 |a эстетика 
610 1 |a личность 
610 1 |a социализация 
610 1 |a мифология 
610 1 |a язык 
610 1 |a труды учёных ТПУ 
675 |a 62  |v 3 
686 |a У  |2 rubbk 
686 |a С  |2 rubbk 
801 1 |a RU  |b 63413507  |c 20110221 
801 2 |a RU  |b 63413507  |c 20221209  |g RCR 
942 |c CR